banner koha

Depuration and heat treatment to reduce pathogen levels in bivalve molluscs produced in Santa Catarina State, Brazil (Registro n. 337493)

MARC details
000 -LÍDER
fixed length control field 03284nab a2200349 i 4500
003 - CÓDIGO MARC DA AGÊNCIA CATALOGADORA
Campo de controle BR-BrBNA
005 - DATA E HORA DA ÚLTIMA ATUALIZAÇÃO
Campo de controle 20250806181325.0
008 - CAMPO DE TAMANHO FIXO
fixed length control field 250806b2022 bl.tr|pooa||| 00| 0 eng |
040 ## - FONTE DA CATALOGAÇÃO
Agência catalogadora BR-BrBNA
Idioma da catalogação eng
072 ## - CATEGORIA AGRIS
Código AGRIS Q03
Código do objeto 8420
072 ## - CATEGORIA AGRIS
Código AGRIS Q02
Código do objeto 8440
100 ## - ENTRADA PRINCIPAL - NOME PESSOAL
Nome pessoal Souza, Robson Ventura de
100 ## - ENTRADA PRINCIPAL - NOME PESSOAL
Nome pessoal Moresco, Vanessa
100 ## - ENTRADA PRINCIPAL - NOME PESSOAL
Nome pessoal Miotto, Marilia
100 ## - ENTRADA PRINCIPAL - NOME PESSOAL
Nome pessoal Souza, Doris Sobral Marques
100 ## - ENTRADA PRINCIPAL - NOME PESSOAL
Nome pessoal Campos, Carlos
100 ## - ENTRADA PRINCIPAL - NOME PESSOAL
Nome pessoal Suplicy, Felipe Matarazzo
245 ## - TÍTULO PRINCIPAL
Título principal Depuration and heat treatment to reduce pathogen levels in bivalve molluscs produced in Santa Catarina State, Brazil
500 ## - NOTA GERAL
Nota geral <br/><br/>Publicação online; 24 ref.; Summaries (En, Pt)
942 ## - ADDED ENTRY ELEMENTS (KOHA)
Koha item type Analítica
520 ## - NOTA DE RESUMO
Nota de conteúdo <br/><br/><br/>Abstract – This review summarises the findings of studies, conducted in Santa Catarina State (SC), on the reduction of pathogens in molluscs via post-harvest treatments. Studies indicate that 48h depuration cycles can efficiently reduce the levels of Salmonella and naturally occurring Vibrio spp. in oysters, whereas viruses (hepatitis A virus and murine norovirus) require more than 48 hours to be completely inactivated. The tested depuration protocols were unable to eliminate the Protozoa Cryptosporidium and Giardia. The heat treatment protocol commonly adopted by local industries (steam cooking for 6 min at 100°C) can eliminate Vibrio spp. from mussels and murine norovirus from oysters. Despite some limitations, adopting these post-harvest treatments is an important strategy to improve the safety of mollusc consumption in SC. <br/><br/><br/>Index terms: Oysters; Mussels; Post-harvesting treatment; Enteric virus
520 ## - NOTA DE RESUMO
Nota de conteúdo <br/><br/><br/>Resumo – Esta revisão resume os achados de estudos realizados em Santa Catarina (SC) sobre redução de patógenos em moluscos por meio de tratamentos pós-colheita. Estudos indicam que os níveis de Salmonella e Vibrio spp. de ocorrência natural podem ser eficientemente reduzidos em ostras por meio de ciclos de depuração de 48h, enquanto vírus (hepatite A e norovírus murino) requerem mais de 48 horas para serem completamente inativados. Protozoários (Cryptosporidium e Giardia) não foram eliminados pelos protocolos de depuração testados. O protocolo de tratamento térmico adotado nas indústrias locais (cozimento a vapor durante 6 min a 100°C) é capaz de eliminar Vibrio spp. de mexilhões e norovírus murino de ostras. Apesar de algumas limitações, a adoção desses tratamentos pós-colheita é uma estratégia importante para melhorar a segurança dos moluscos em SC.<br/><br/><br/>Termos para indexação: Ostras; Mexilhões; Tratamento pós-colheita; Vírus entéricos
650 ## - ASSUNTO - THESAGRO
Cabeçalho tópico ou nome geográfico OSTRA
650 ## - ASSUNTO - THESAGRO
Cabeçalho tópico ou nome geográfico MEXILHÃO
650 ## - ASSUNTO - THESAGRO
Cabeçalho tópico ou nome geográfico PATÓGENO
650 ## - ASSUNTO - THESAGRO
Cabeçalho tópico ou nome geográfico TRATAMENTO TÉRMICO
650 ## - ASSUNTO - THESAGRO
Cabeçalho tópico ou nome geográfico DEPURAÇÃO
650 ## - ASSUNTO - THESAGRO
Cabeçalho tópico ou nome geográfico SEGURANÇA ALIMENTAR
773 0# - ENTRADA ANALÍTICA
Host Biblionumber 1813
Registro do item 317207
Imprenta Florianópolis-SC Empresa de Pesquisa Agropecuária e Extensão Rural de Santa Catarina 1988-
Outro identificador 2024-3831
Título Agropecuária Catarinense (Brazil)
ISSN 0103-0779
Colação v. 35(2) p. 78-82; (2022)
Número de controle de registro BR2025002917
856 ## - ACESSO E ENDEREÇO ELETRÔNICO
Identificador uniforme de recurso - URI https://publicacoes.epagri.sc.gov.br/rac/article/view/1351/1391

Nenhum exemplar disponível.

BINAGRI

Telefone: (61)3218-2567/2388/3357/2097 - binagri@agro.gov.br

Ministério da Agricultura e Pecuária , Esplanada dos Ministérios, Bloco D, Anexo B, Brasília/DF, CEP: 70.043-900